00325nam a2200121Ia 4500008004100000041000800041082001600049100002000065245004500085260003300130300002900163365001100192240624s9999 xx 000 0 und d aeng a658.049 VED aVEDPURISWAR A V aGLOBALIZATION OF INDIAN COMPANIES CONCEP c2006aHyderabadbICFAI press av, : 201 : p. : cm. ; 23 cRSb50